ბათუმის შოთა რუსთაველის სახელმწიფო უნივერსიტეტის ბიბლიოთეკა

ჩანაწერი Personal Name

ჩანაწერთა რაოდენობა, რომელიც გამოყენებულია: 1

001 - CONTROL NUMBER

  • control field: 19311

003 - CONTROL NUMBER IDENTIFIER

  • control field: GE_BSU

005 - DATE AND TIME OF LATEST TRANSACTION

  • control field: 20230713160026.0

008 - FIXED-LENGTH DATA ELEMENTS

  • fixed length control field: 230713|| aca||aabn | a|a d

040 ## - CATALOGING SOURCE

  • Original cataloging agency: GE_BSU
  • Transcribing agency: GE_BSU

100 ## - HEADING--PERSONAL NAME

  • Personal name: გოგოლაძე, დერმიშა, ავტ.

670 ## - SOURCE DATA FOUND

  • Source citation: Work cat.: (GE_BSU): გოგოლაძე, დერმიშა, ავტ., "აფხაზთა" საერისთავოს, დღევანდელი აფხაზეთის ძველ ეთნოსთა ვინაობისა და ეთნოსის მკვიდრობის საკითხი /